000
00259nam a22001217a 4500
008
170421b xxu||||| |||| 00| 0 eng d
041
_a
ALB
080
_a
573
100
_a
11
101
_a
SHM
245
_a
PARAZITET E ZORREVE
_c
HARITO, TH
942
_2
udc
_c
BK
999
_c
11383
_d
11383